Money, banking, and the financial system / (Record no. 931)
[ view plain ]
| 000 -CABECERA | |
|---|---|
| campo de control de longitud fija | 00643cam a2200193 a 4500 |
| 001 - NÚMERO DE CONTROL | |
| campo de control | 000000940 |
| 005 - FECHA Y HORA DE LA ÚLTIMA TRANSACCIÓN | |
| campo de control | 20240508123313.0 |
| 008 - DATOS DE LONGITUD FIJA--INFORMACIÓN GENERAL | |
| campo de control de longitud fija | 720425s1955 nyua 001 0 eng |
| 040 ## - FUENTE DE LA CATALOGACIÓN | |
| Centro catalogador/agencia de origen | DO-SdBNP |
| Lengua de catalogación | spa |
| Centro/agencia transcriptor | BNPHU |
| 082 ## - NÚMERO DE LA CLASIFICACIÓN DECIMAL DEWEY | |
| Número de clasificación | 332.4 |
| Número de documento/Ítem | S874m |
| 100 1# - ENTRADA PRINCIPAL--NOMBRE DE PERSONA | |
| Nombre de persona | Stokes, Milton Lonsdale. |
| 9 (RLIN) | 3307 |
| 245 10 - MENCIÓN DE TÍTULO | |
| Título | Money, banking, and the financial system / |
| Mención de responsabilidad, etc. | Milton L. Stokes ; Carl T. Arlt. |
| 260 ## - PUBLICACIÓN, DISTRIBUCIÓN, ETC. | |
| Lugar de publicación, distribución, etc. | New York : |
| Nombre del editor, distribuidor, etc. | Ronald Press Company, |
| Fecha de publicación, distribución, etc. | 1955. |
| 300 ## - DESCRIPCIÓN FÍSICA | |
| Extensión | vi, 670 p. : |
| Otras características físicas | il., mapas, tablas ; |
| Dimensiones | 24 cm. |
| 650 #0 - PUNTO DE ACCESO ADICIONAL DE MATERIA--TÉRMINO DE MATERIA | |
| Término de materia o nombre geográfico como elemento de entrada | Moneda |
| 9 (RLIN) | 3308 |
| 650 #4 - PUNTO DE ACCESO ADICIONAL DE MATERIA--TÉRMINO DE MATERIA | |
| Término de materia o nombre geográfico como elemento de entrada | Sistema financiero |
| 9 (RLIN) | 3309 |
| 650 #4 - PUNTO DE ACCESO ADICIONAL DE MATERIA--TÉRMINO DE MATERIA | |
| Término de materia o nombre geográfico como elemento de entrada | Actividad aseguradora de los bancos |
| 9 (RLIN) | 3310 |
| 700 1# - PUNTO DE ACCESO ADICIONAL--NOMBRE DE PERSONA | |
| Nombre de persona | Arlt, Carl T., |
| 9 (RLIN) | 3311 |
| Estado de retiro | Estado de pérdida | Restricciones de uso | No para préstamo | Código de colección | Localización permanente | Ubicación/localización actual | Ubicación en estantería | Fecha de adquisición | Número de inventario | Total de préstamos | Signatura topográfica completa | Código de barras | Fecha visto por última vez | Precio válido a partir de | Tipo de ítem Koha |
|---|---|---|---|---|---|---|---|---|---|---|---|---|---|---|---|
| Préstamo en sala | Dominicana de Servicio | Biblioteca Nacional Pedro Henríquez Ureña | Biblioteca Nacional Pedro Henríquez Ureña | En catalogación | 15.06.2009 | LF1 | 332.4 S874m | 940-10 | 25.06.2020 | 25.06.2020 | Libros y folletos |
